000 00278nam a22001217a 4500
008 181205b xxu||||| |||| 00| 0 eng d
041 _aeng
080 _23rd
_a940
100 _a16
101 _aSHH
245 _aReadings in Western Civilization
_cKnoles,G.H
942 _2udc
_cBK
999 _c52867
_d52867